LEADER 00778nam0 2200253 450 001 000000713 005 20050630115200.0 010 $a88-453-0368-3 100 $a--------d1989----km-y0itay50------ba 101 $aita 102 $aIT 200 1 $aPricing$etattiche e strategie per definire con successo il prezzo di vendita$fEnrico Valdani 210 $a[Milano]$cEtaslibri$d1989 215 $aXI, 362 p.$cill.$d25 cm 225 2 $aGestione d'impresa$iMarketing e vendite 410 0$12001$aGestione d'impresa 610 1 $aPrezzi$aDeterminazione 676 $a658.816 700 1$aValdani,$bEnrico$07216 801 0$aIT $bUNIPARTHENOPE $gRICA $2UNIMARC 912 $a000000713 951 $cNAVA1$a338-P/34$b32184$d20000216 996 $aPricing$9198093 997 $aUNIPARTHENOPE